000 00387nam a2200145Ia 4500
008 100204s9999 xx 000 0 und d
082 _b16537
100 _aमहाबळ अनिल
245 _aपक्षी
260 _b"जयदीप प्रकाशन, पुणे"
300 _a30
630 _aपक्षी
730 _aपक्षी
942 _cBOOK
999 _c460960
_d460957